История психологии (Запис № 308549)

МАРК-запис
000 -Лідер
fixed length control field 00590nam a22002537a 4500
003 - Ідентифікатор контрольного номера
control field UA-OsUOA
001 - Контрольний номер
control field 22331
007 - Фіксоване поле фізичного опису
fixed length control field ta
008 - Елементи даних фіксованої довжини – загальна інформація
fixed length control field 20031218b un ||||| |||| 00| 0 ukr d
090 ## - Локальний шифр розміщення
Класифікаційний індекс УДК 159.9(091)
Авторський знак (НП) Ж42
040 ## - Джерело каталогізації
Агенція оригінальної каталогізації UA-OsUOA
Мова каталогізації rus
Агенція, яка здійснювала перезапис UA-OsUOA
Агенція, яка здійснювала модифікацію UA-OsUOA
041 ## - Код мови
Код мови тексту/ звукової доріжки чи окремого заголовка (П) rus
080 ## - Індекс Універсальної десяткової класифікації
Індекс Універсальної десяткової класифікації (УДК) (НП) 159.9(091)
020 ## - Міжнародний стандартний книжковий номер (ISBN)
Міжнародний стандартний книжковий номер (ISBN) (НП) 5-211-01027-2
044 ## - Код країни видавця/ виробника
Код країни видавця/ виробника (П) RU
100 ## - Основне введення – ім’я особи
Ім’я особи (НП) Ждан А.Н.
245 ## - Відомості про назву
Назва (НП) История психологии
Решта назви (НП) Учебник
260 ## - Публікація, розповсюдження і т.п. (Вихідні дані)
Місце публікації, розповсюдження і т.п. (П) Москва
Ім’я/ наймення видавництва, розповсюджувача і т.п. (П) МГУ
Дата публікації, розповсюдження і т.п. (П) 1990
300 ## - Фізичний опис
Обсяг 367 с.
650 #7 - Додаткове предметне введення – тематичний термін
Джерело заголовка чи терміна UDC
942 ## - Додаткові елементи входу (Коха)
Тип елемента Koha Книги
955 ## - Код типу видання за змістом
Код типу видання за змістом (НП) інше
Фонди
Стан вилучень Стан втрат Джерело класифікації або схеми стелажів Стан уражень Не для кредиту Постійне місце розташування Поточне розміщення Дата придбання Джерело придбання Вартість, звичайна ціна покупки Інвентарний номер Усього замовленно Повний номер виклику Штрих-код Дата останнього перегляду Ціна ефективна від Тип елемента Koha
    Universal Decimal Classification     ЧЗ - Читальна зала ЧЗ - Читальна зала 12/03/2008 30/2008 68.30 112400   159.9(091) Ж42 112400 09/02/2022 18/12/2003 Книги
    Universal Decimal Classification     ЧЗ - Читальна зала ЧЗ - Читальна зала 12/03/2008 30/2008 68.30 112401   159.9(091) Ж42 112401 09/02/2022 18/12/2003 Книги
    Universal Decimal Classification     ЧЗ - Читальна зала ЧЗ - Читальна зала 18/12/2003     62715   159.9(091) Ж42 62715 09/02/2022 18/12/2003 Книги